Statistiche per Finaliste degli Europei

Clicka qui per fare il quiz!

Statistiche generali

  • Questo quiz è stato fatto 37 volte
  • Il punteggio medio è 12 su 13

Statistiche sulle risposte

Numero finaliEdizioni delle finaliNazionale% Corretto
31984; 2000; 2016Francia
100%
61972; 1976; 1980; 1992; 1996; 2002Germania Ovest / Germania
100%
41968; 2000; 2012; 2020Italia
100%
22004; 2016Portogallo
100%
41964; 1984; 2008, 2012Spagna
100%
12004Grecia
97%
12020Inghilterra
97%
11988Paesi Bassi
92%
41960; 1964; 1972; 1988Unione Sovietica / Russia
92%
11980Belgio
83%
11992Danimarca
83%
21960; 1968Jugoslavia / Serbia
67%
21976; 1996Cecoslovacchia / Repubblica Ceca
58%

Distribuzione punteggi

Percentile per numero di risposta

Percentuale di utenti per punteggio

I tuoi punteggi nel tempo

Non hai fatto questo quiz